| 000 | 00384nam a22001457a 4500 | ||
|---|---|---|---|
| 003 | OSt | ||
| 020 | _aNA | ||
| 040 |
_c0 _d0 |
||
| 082 |
_222 _a621.38119 |
||
| 100 | _aSawhney, AA.K | ||
| 245 | _aA course in electrical and electronic measurements and instrumentation / | ||
| 260 |
_aNew Delhi, _bDhanput Rai, _cc2013. |
||
| 300 |
_axxiii, 1318 p. ; _bill. ; _c26 cm. |
||
| 942 |
_2ddc _cEE _017 |
||
| 999 |
_c4877 _d4877 |
||